Blurry U.S. Presidents - Statistics

General Stats
  • This quiz has been taken 144 times
  • The average score is 11 of 15
Answer Stats
Picture Answer % Correct
Abraham Lincoln
98%
George Washington
96%
Donald Trump
92%
Bill Clinton
91%
Ronald Reagan
88%
Richard Nixon
87%
Franklin D. Roosevelt
85%
Dwight D. Eisenhower
82%
Thomas Jefferson
82%
William Taft
72%
Ulysses S. Grant
70%
John Quincy Adams
53%
James Monroe
52%
Warren Harding
49%
William Henry Harrison
49%
No matching quizzes found
Score Distribution
Percent of People with Each Score
Percentile by Number Answered
Your Score History
You have not taken this quiz